000
00226 a2200109 4500
001
127748
020
_a
7891219016981
040
_c
Escola Canadense de Niteroi
090
_a
MP
245
1
0
_a
Memória Sí-la-bas
942
_c
MATP
999
_c
127748
_d
127748